000
00343 a2200169 4500
001
58236
020
_a
9788508145591
040
_c
Anchieta - Pituba
100
_a
Alencar, José de
240
1
0
_a
Senhora
_l
por
245
1
0
_a
Senhora
300
_a
261
362
0
_a
2012
440
1
_a
Ática
650
4
_a
Ficção brasileira
942
_c
BK
999
_c
58236
_d
58236